书目信息 |
| 题名: |
现代旅游区开发与经营管理
|
|
| 作者: | 王德刚 编著 | |
| 分册: | ||
| 出版信息: | 青岛 青岛出版社 2001.03 |
|
| 页数: | 302页 | |
| 开本: | 20cm | |
| 丛书名: | ||
| 单 册: | ||
| 中图分类: | F590.3 | |
| 科图分类: | ||
| 主题词: | 旅游区--开发 , 旅游区--经济管理 | |
| 电子资源: | ||
| ISBN: | 7-5436-2227-0 | |
| 000 | 00916nam0 2200241 450 | |
| 001 | 0142737960 | |
| 005 | 20050819115323.60 | |
| 010 | @a7-5436-2227-0@d16.00CNY | |
| 100 | @a20050127d2001 km y0chiy0120 ea | |
| 101 | 0 | @achi |
| 102 | @aCN@b370000 | |
| 105 | @ay z 000yy | |
| 200 | 1 | @a现代旅游区开发与经营管理@Axian dai lu you qu kai fa yu jing ying guan li@f王德刚编著@Fwang de gang bian zhu |
| 205 | @a2版 | |
| 210 | @a青岛@c青岛出版社@d2001.03 | |
| 215 | @a302页@d20cm | |
| 330 | @a本书系统论述了旅游区(点)开发的有关理论和操作程序、各种类型的旅游区(点)开发的理论和技术、旅游区(点)管理和经营的内容及原则与要求,论述了旅游区的规划管理、开发管理、环境管理、营业管理、服务管理、质量管理等基本管理内容和管理方法等。 | |
| 606 | 0 | @a旅游区@x开发 |
| 606 | 0 | @a旅游区@x经济管理 |
| 690 | @aF590.3@v4 | |
| 701 | 0 | @a王德刚@Awang de gang@4编著 |
| 801 | 0 | @aCN@bQSSK@c20050819 |
| 905 | @a10447@dF590.3@eW141 | |
| 现代旅游区开发与经营管理/王德刚编著.-2版.-青岛:青岛出版社,2001.03 |
| 302页;20cm |
| ISBN 7-5436-2227-0:16.00CNY |
| 本书系统论述了旅游区(点)开发的有关理论和操作程序、各种类型的旅游区(点)开发的理论和技术、旅游区(点)管理和经营的内容及原则与要求,论述了旅游区的规划管理、开发管理、环境管理、营业管理、服务管理、质量管理等基本管理内容和管理方法等。 |
| ● |
| 相关链接 |
|
|
|
正题名:现代旅游区开发与经营管理
索取号:F590.3/W141
 
预约/预借
| 序号 | 登录号 | 条形码 | 馆藏地/架位号 | 状态 | 备注 |
| 1 | 560602 | 205606021 | 社科二线422/409社科库 38排7列5层/ [索取号:F590.3/W141] | 在馆 | |
| 2 | 560603 | 205606030 | 社科库409/409社科库 38排7列5层/ [索取号:F590.3/W141] | 在馆 | |
| 3 | 560604 | 205606049 | 社科库409/409社科库 38排7列5层/ [索取号:F590.3/W141] | 在馆 |